Menaḥem Usishḳin : (Record no. 31163)

MARC details
000 -LEADER
fixed length control field 00680cam a22002171 4500
001 - CONTROL NUMBER
control field he 65000817
003 - CONTROL NUMBER IDENTIFIER
control field DLC
005 - DATE AND TIME OF LATEST TRANSACTION
control field 20260227111431.0
008 - FIXED-LENGTH DATA ELEMENTS--GENERAL INFORMATION
fixed length control field 840604s1942 is 000 0 heb
010 ## - LIBRARY OF CONGRESS CONTROL NUMBER
LC control number he 65000817
035 ## - SYSTEM CONTROL NUMBER
System control number (OCoLC)19153659
040 ## - CATALOGING SOURCE
Original cataloging agency DLC
Transcribing agency MH
Modifying agency DLC
042 ## - AUTHENTICATION CODE
Authentication code premarc
050 00 - LIBRARY OF CONGRESS CALL NUMBER
Classification number DS151.U75
Item number K53
100 1# - MAIN ENTRY--PERSONAL NAME
Personal name Klausner, Joseph,
Dates associated with a name 1874-1958.
245 10 - TITLE STATEMENT
Title Menaḥem Usishḳin :
Remainder of title toldotaṿ u-mifʻal ḥayaṿ.
260 ## - PUBLICATION, DISTRIBUTION, ETC.
Place of publication, distribution, etc. Jerusalem :
Name of publisher, distributor, etc. ha-Lishkah ha-rashit shel ha-Ḳeren ha-ḳayemet le-Yiśraʼel
Date of publication, distribution, etc. [1942]
300 ## - PHYSICAL DESCRIPTION
Extent 103 p. :
Other physical details ill., ports. ;
Dimensions 17 cm.
600 10 - SUBJECT ADDED ENTRY--PERSONAL NAME
Personal name Ussishkin, Menahem Mendel,
Dates associated with a name 1863-1941.
752 ## - ADDED ENTRY--HIERARCHICAL PLACE NAME
Country or larger entity Israel
City Jerusalem

No items available.

Powered by Koha